[Event "Landesklasse Ost 2012/2013"]
[Site "?"]
[Date "2012.11.04"]
[Round "2"]
[White "Barth, Christian"]
[Black "Rost, Detlef"]
[Result "1/2-1/2"]
[WhiteElo "1859"]
[BlackElo "1865"]
[PlyCount "81"]
[EventDate "2012.??.??"]
[WhiteTeam "TSV Zeulenroda"]
[BlackTeam "SV Medizin Erfurt"]

1. e4 c5 2. Nf3 Nc6 3. d4 cxd4 4. Nxd4 Nf6 5. f3 Qb6 6. Nb3 e6 7. Bg5 Be7 8.
Qd2 O-O 9. c4 Rd8 10. Nc3 a6 11. Be3 Qc7 12. Qf2 Re8 13. Bb6 Qb8 14. Be2 d6 15.
O-O Nd7 16. Be3 Qc7 17. Na4 Nb4 18. Rfc1 Qc6 19. Nc3 Qc7 20. a3 Nc6 21. Na4 Qd8
22. Rd1 Na5 23. Nd4 Qc7 24. Rac1 Nc6 25. Nc2 Nce5 26. b3 Nc5 27. Nxc5 dxc5 28.
Bf4 f6 29. Rd2 Bd7 30. Be3 b6 31. Rcd1 Bc6 32. b4 Ba4 33. f4 Ng6 34. b5 Bxc2
35. Rxc2 a5 36. Rcd2 Rad8 37. f5 exf5 38. exf5 Ne5 39. Bf4 Rxd2 40. Rxd2 Rd8
41. Qe3 1/2-1/2

[Event "Landesklasse Ost 2012/2013"]
[Site "?"]
[Date "2012.11.04"]
[Round "2"]
[White "Kube, Hannelore"]
[Black "Wolfram, Thomas"]
[Result "0-1"]
[WhiteElo "1813"]
[BlackElo "1728"]
[PlyCount "32"]
[EventDate "2012.??.??"]
[WhiteTeam "SV Medizin Erfurt"]
[BlackTeam "TSV Zeulenroda"]

1. c4 c6 2. Nc3 d5 3. d4 f5 4. Nf3 Nf6 5. g3 e6 6. Bg2 Bd6 7. O-O Nbd7 8. a4
O-O 9. c5 Bc7 10. b4 Ne4 11. Bb2 a6 12. Ne5 Nxe5 13. Nxe4 Nc4 14. Qc2 fxe4 15.
Bc1 e3 16. f4 g5 0-1

[Event "Landesklasse Ost 2012/2013"]
[Site "?"]
[Date "2012.11.04"]
[Round "2"]
[White "Riemer, Marion"]
[Black "Eger, Axel"]
[Result "0-1"]
[WhiteElo "1743"]
[BlackElo "1849"]
[PlyCount "60"]
[EventDate "2012.??.??"]
[WhiteTeam "TSV Zeulenroda"]
[BlackTeam "SV Medizin Erfurt"]

1. e4 e6 2. d4 d5 3. exd5 exd5 4. Bd3 Bd6 5. Nf3 Ne7 6. O-O O-O 7. c3 c6 8. Qc2
h6 9. Re1 Nd7 10. Be3 Re8 11. Nbd2 Nf8 12. Nh4 g5 13. Nf5 Nxf5 14. Bxf5 Bxf5
15. Qxf5 Qd7 16. Qf3 f5 17. Nb3 g4 18. Qd1 f4 19. Bd2 Rxe1+ 20. Bxe1 Qf5 21.
Qb1 Qh5 22. Qd3 Re8 23. f3 Re3 24. fxg4 Qxg4 25. h3 Qg5 26. Qf1 Rxh3 27. Qf2 f3
28. Bd2 Qg4 29. Be3 fxg2 30. Qf6 Bh2+ 0-1

[Event "Landesklasse Ost 2012/2013"]
[Site "?"]
[Date "2012.11.04"]
[Round "2"]
[White "Knorre, Jonas"]
[Black "Wiedemann, Volker"]
[Result "0-1"]
[WhiteElo "1622"]
[BlackElo "1817"]
[PlyCount "42"]
[EventDate "2012.??.??"]
[WhiteTeam "SV Medizin Erfurt"]
[BlackTeam "TSV Zeulenroda"]

1. e4 e6 2. d4 d5 3. Nc3 Bb4 4. e5 c5 5. a3 cxd4 6. axb4 dxc3 7. bxc3 Qc7 8.
Qd4 Nc6 9. Bb5 Nge7 10. Nf3 Bd7 11. Qe3 Nxe5 12. Bxd7+ Nxd7 13. O-O a6 14. Bb2
Nb6 15. Nd2 O-O 16. Ba3 Nf5 17. Qd3 Rfc8 18. Bb2 Nd6 19. Ra5 Nbc4 20. Nxc4 Nxc4
21. Rc5 Nxb2 0-1

[Event "Landesklasse Ost 2012/2013"]
[Site "?"]
[Date "2012.11.04"]
[Round "2"]
[White "Prütting, Kerstin"]
[Black "Stumm, Rainer"]
[Result "1/2-1/2"]
[WhiteElo "1585"]
[BlackElo "1632"]
[PlyCount "80"]
[EventDate "2012.??.??"]
[WhiteTeam "TSV Zeulenroda"]
[BlackTeam "SV Medizin Erfurt"]

1. e4 e6 2. d4 d5 3. Nc3 Nf6 4. Bg5 Be7 5. e5 Nfd7 6. Bxe7 Qxe7 7. Qg4 Kf8 8.
Nf3 f5 9. exf6 Nxf6 10. Qf4 a6 11. Bd3 Nc6 12. a3 Qd6 13. Ne5 Bd7 14. O-O Kg8
15. Ne2 Rf8 16. Qe3 Ne7 17. Ng3 Be8 18. Rae1 Nh5 19. Nxh5 Bxh5 20. Qg5 Bg6 21.
Ng4 h6 22. Qe3 Bxd3 23. Qxd3 h5 24. Ne5 Rh6 25. c3 Rf5 26. Qg3 c5 27. b4 c4 28.
Re3 Nc6 29. Rfe1 Nd8 30. Qh3 Qf8 31. Nf3 g5 32. Qg3 g4 33. Ne5 Qg7 34. f3 Rg5
35. Qf2 Rf6 36. f4 Rgf5 37. g3 h4 38. Qg2 h3 39. Qf2 Nf7 40. Qe2 Nxe5 1/2-1/2

[Event "Landesklasse Ost 2012/2013"]
[Site "?"]
[Date "2012.11.04"]
[Round "2"]
[White "Mysliwiec, Jörg"]
[Black "Richter, Sven"]
[Result "1-0"]
[WhiteElo "2012"]
[BlackElo "1963"]
[PlyCount "80"]
[EventDate "2012.??.??"]
[WhiteTeam "SSV Vimaria 91 Weimar"]
[BlackTeam "VfL 1990 Gera"]

1. b3 c5 2. Bb2 d5 3. e3 Nc6 4. Bb5 Bd7 5. Nf3 e6 6. O-O Nf6 7. Bxc6 Bxc6 8.
Ne5 Bd6 9. f4 O-O 10. d3 Qe7 11. Nd2 Ne8 12. Qh5 f6 13. Nxc6 bxc6 14. e4 Qf7
15. Qh3 Nc7 16. Rae1 Rae8 17. e5 Be7 18. f5 exf5 19. Rxf5 g6 20. Qg3 Qg7 21.
exf6 Bxf6 22. Bxf6 Rxf6 23. Rxf6 Rxe1+ 24. Qxe1 Qxf6 25. Nf3 Ne6 26. c3 Nf4 27.
Qe3 d4 28. cxd4 cxd4 29. Qe5 Qxe5 30. Nxe5 c5 31. Kf2 Nd5 32. Nd7 Nb4 33. Nxc5
Nxa2 34. Kf3 Nc3 35. Ne6 Kf7 36. Nxd4 Kf6 37. Nc6 Nb5 38. Ke4 h6 39. Kd5 a6 40.
Kc5 Nc3 1-0

[Event "Landesklasse Ost 2012/2013"]
[Site "?"]
[Date "2012.11.04"]
[Round "2"]
[White "Katzer, Michael"]
[Black "Rensch, Toralf"]
[Result "0-1"]
[WhiteElo "1876"]
[BlackElo "1977"]
[PlyCount "62"]
[EventDate "2012.??.??"]
[WhiteTeam "VfL 1990 Gera"]
[BlackTeam "SSV Vimaria 91 Weimar"]

1. Nf3 b6 2. g3 Bb7 3. Bg2 e6 4. c4 f5 5. O-O Nf6 6. d3 Be7 7. Nc3 O-O 8. Re1
Bb4 9. Bd2 d6 10. Nd4 Bxg2 11. Nxe6 Qc8 12. Nxf8 Bb7 13. Nxh7 Kxh7 14. a3 f4
15. e4 fxe3 16. fxe3 Qh3 17. Qe2 Bxc3 18. Bxc3 Nbd7 19. Rf1 Re8 20. e4 Ne5 21.
Rf4 Ng6 22. Rf2 Ne5 23. Raf1 Bc8 24. Rf4 Bg4 25. Qc2 Kg8 26. Be1 Qh5 27. Bc3
Nxd3 28. Rf5 Bxf5 29. Rxf5 Qg4 30. Bxf6 Qxe4 31. Rg5 Qe1+ 0-1

[Event "Landesklasse Ost 2012/2013"]
[Site "?"]
[Date "2012.11.04"]
[Round "2"]
[White "Weiß, Thomas"]
[Black "Seidens, Gunter"]
[Result "1-0"]
[WhiteElo "1912"]
[BlackElo "2004"]
[PlyCount "75"]
[EventDate "2012.??.??"]
[WhiteTeam "SSV Vimaria 91 Weimar"]
[BlackTeam "VfL 1990 Gera"]

1. d4 d5 2. c4 e6 3. Nc3 Nf6 4. Bg5 Nbd7 5. cxd5 exd5 6. e3 c6 7. Bd3 Be7 8.
Qc2 O-O 9. Nf3 Re8 10. O-O Nf8 11. h3 Ne4 12. Bf4 f5 13. Ne5 g5 14. Bh2 Ng6 15.
Nxg6 hxg6 16. Be5 Bd6 17. Bxe4 dxe4 18. Qb3+ Be6 19. Qxb7 Re7 20. Qxc6 Bxe5 21.
dxe5 Rc8 22. Rad1 Qe8 23. Qxe8+ Rcxe8 24. f4 exf3 25. Rxf3 Bf7 26. e4 Rxe5 27.
exf5 gxf5 28. Rd7 a6 29. Kh2 f4 30. h4 Rb8 31. b3 Rb4 32. hxg5 Rxg5 33. Rd6 Kg7
34. Rxa6 Rd4 35. Ra7 Kg6 36. Ne2 Rd2 37. Nxf4+ Kg7 38. Ne6+ 1-0

[Event "Landesklasse Ost 2012/2013"]
[Site "?"]
[Date "2012.11.04"]
[Round "2"]
[White "Huster, Mike"]
[Black "Gebuhr, Günter"]
[Result "1/2-1/2"]
[WhiteElo "1913"]
[BlackElo "1775"]
[PlyCount "89"]
[EventDate "2012.??.??"]
[WhiteTeam "VfL 1990 Gera"]
[BlackTeam "SSV Vimaria 91 Weimar"]

1. d4 Nf6 2. Nf3 e6 3. g3 b6 4. Bg2 Bb7 5. O-O Be7 6. c4 O-O 7. Nc3 d6 8. Re1
Nbd7 9. e4 e5 10. h3 a5 11. d5 Nc5 12. b3 h6 13. Nh4 Bc8 14. Be3 Nh7 15. Nf5
Bg5 16. f4 exf4 17. gxf4 Bh4 18. Nxh4 Qxh4 19. Qf3 f5 20. Bf2 fxe4 21. Rxe4 Qf6
22. Bxc5 bxc5 23. Rae1 Bd7 24. R4e3 Rae8 25. Rxe8 Rxe8 26. Rxe8+ Bxe8 27. Qe3
Bd7 28. a4 Nf8 29. Kh2 Ng6 30. Ne2 Nh4 31. Be4 Nf5 32. Qd3 Nd4 33. Kg3 Nxe2+
34. Qxe2 Qc3+ 35. Kf2 Qxh3 36. Bg2 Qh4+ 37. Kg1 Qxf4 38. Qe1 Qe5 39. Qxa5 Qe3+
40. Kh1 Qxb3 41. Qa8+ Kf7 42. a5 Qxc4 43. a6 Qh4+ 44. Kg1 Qe1+ 45. Kh2 1/2-1/2

[Event "Landesklasse Ost 2012/2013"]
[Site "?"]
[Date "2012.11.04"]
[Round "2"]
[White "Mitter, Frank"]
[Black "Kretzschmar, Bernd"]
[Result "1/2-1/2"]
[WhiteElo "1770"]
[BlackElo "1862"]
[PlyCount "78"]
[EventDate "2012.??.??"]
[WhiteTeam "SSV Vimaria 91 Weimar"]
[BlackTeam "VfL 1990 Gera"]

1. d4 g6 2. c4 Bg7 3. Nc3 d6 4. e4 Nd7 5. Nf3 c6 6. Be2 e5 7. dxe5 dxe5 8. O-O
Ngf6 9. Qc2 O-O 10. Rd1 Qc7 11. h3 a5 12. Be3 h6 13. c5 Re8 14. Na4 Nh5 15. Bc4
Nf8 16. Nb6 Ra7 17. Rd6 Be6 18. Rad1 Nf4 19. b3 Qe7 20. Qd2 Bxc4 21. Nxc4 a4
22. b4 g5 23. Kh2 h5 24. g3 g4 25. hxg4 hxg4 26. Nh4 Qg5 27. Rd8 Re6 28. Qd7
Rh6 29. Rxf8+ Bxf8 30. Qd8 f6 31. Bxf4 exf4 32. Qd7 Rxh4+ 33. gxh4 Qxh4+ 34.
Kg1 g3 35. fxg3 Qxg3+ 36. Kh1 Qf3+ 37. Kh2 Qg3+ 38. Kh1 Qf3+ 39. Kg1 Qg3+
1/2-1/2

[Event "Landesklasse Ost 2012/2013"]
[Site "?"]
[Date "2012.11.04"]
[Round "2"]
[White "Walther, Thomas"]
[Black "Latka, Robert"]
[Result "0-1"]
[WhiteElo "1819"]
[BlackElo "1698"]
[PlyCount "76"]
[EventDate "2012.??.??"]
[WhiteTeam "VfL 1990 Gera"]
[BlackTeam "SSV Vimaria 91 Weimar"]

1. e4 c5 2. Nf3 Nc6 3. d4 cxd4 4. Nxd4 Nf6 5. Nc3 e5 6. Ndb5 d6 7. Bg5 a6 8.
Bxf6 gxf6 9. Na3 b5 10. Nd5 f5 11. Bd3 Be6 12. c3 Bg7 13. Qh5 O-O 14. O-O fxe4
15. Bxe4 f5 16. Nf6+ Qxf6 17. Bxc6 Ra7 18. Rfd1 Bf7 19. Bd5 Kh8 20. Bxf7 Raxf7
21. Rd5 Rg8 22. Rxd6 Qxd6 23. Qxf7 Qd2 24. Qb3 Rd8 25. Qc2 e4 26. Qxd2 Rxd2 27.
Rb1 Bf8 28. Kf1 Bc5 29. b4 Rxf2+ 30. Ke1 Be3 31. c4 Rxg2 32. Rb3 f4 33. cxb5
axb5 34. Nxb5 Bf2+ 35. Kf1 f3 36. Rc3 e3 37. Rc8+ Kg7 38. Rc7+ Kh6 0-1

[Event "Landesklasse Ost 2012/2013"]
[Site "?"]
[Date "2012.11.04"]
[Round "2"]
[White "Petigk, Falk"]
[Black "Fijalkowski, Jürgen"]
[Result "1-0"]
[WhiteElo "1674"]
[BlackElo "1811"]
[PlyCount "81"]
[EventDate "2012.??.??"]
[WhiteTeam "SSV Vimaria 91 Weimar"]
[BlackTeam "VfL 1990 Gera"]

1. e4 Nf6 2. e5 Nd5 3. d4 d6 4. c4 Nb6 5. exd6 exd6 6. Nc3 Be7 7. Nf3 O-O 8.
Be3 Bg4 9. b3 Re8 10. Be2 N8d7 11. O-O Nf8 12. Ne4 Nbd7 13. Ng3 Nf6 14. h3 Bd7
15. Qc2 Qc8 16. Bd3 d5 17. c5 c6 18. b4 Ne6 19. Nf5 Qc7 20. Nxe7+ Rxe7 21. Ne5
Ree8 22. a4 Rac8 23. b5 h6 24. Rfb1 Nh5 25. Nxf7 Nhf4 26. Nd6 Rf8 27. b6 axb6
28. Rxb6 Rb8 29. Rab1 Qd8 30. Rxb7 Rxb7 31. Rxb7 Be8 32. Bf5 Qf6 33. Rb8 Bg6
34. Rxf8+ Kxf8 35. Bxg6 Nxg6 36. Qb2 Kg8 37. a5 Nh4 38. a6 Qg6 39. f4 Qd3 40.
Qf2 Nf5 41. a7 1-0

[Event "Landesklasse Ost 2012/2013"]
[Site "?"]
[Date "2012.11.04"]
[Round "2"]
[White "Schönfeld, Volker"]
[Black "Gräf, Michael"]
[Result "1-0"]
[WhiteElo "1878"]
[BlackElo "1843"]
[PlyCount "89"]
[EventDate "2012.??.??"]
[WhiteTeam "VfL 1990 Gera"]
[BlackTeam "SSV Vimaria 91 Weimar"]

1. e4 e6 2. d4 d5 3. Nd2 Nf6 4. e5 Nfd7 5. Bd3 c5 6. c3 Nc6 7. Ndf3 cxd4 8.
cxd4 Bb4+ 9. Bd2 Qa5 10. Ne2 Bxd2+ 11. Qxd2 Qxd2+ 12. Nxd2 f6 13. f4 fxe5 14.
fxe5 Nb4 15. Bb1 O-O 16. Rf1 Rxf1+ 17. Kxf1 Nb6 18. a3 Nc6 19. Bd3 Bd7 20. Nb3
Nc4 21. Bxc4 dxc4 22. Nc5 Rf8+ 23. Kg1 Bc8 24. Ne4 Na5 25. Nd6 Bd7 26. Rf1
Rxf1+ 27. Kxf1 b5 28. Kf2 Kf8 29. Nc3 a6 30. Ke3 Bc6 31. g3 Ke7 32. Na2 Nb7 33.
Nxb7 Bxb7 34. Nc3 Kd7 35. Ne2 Ke7 36. Nf4 Bc6 37. Kd2 Bf3 38. h4 a5 39. Kc3 Kd7
40. a4 Bc6 41. axb5 Bxb5 42. Nh5 Kc6 43. Nxg7 Kd5 44. g4 Bd7 45. Nh5 1-0

[Event "Landesklasse Ost 2012/2013"]
[Site "?"]
[Date "2012.11.25"]
[Round "3"]
[White "Richter, Sven"]
[Black "Hoffmann, Tim"]
[Result "0-1"]
[WhiteElo "1963"]
[BlackElo "1864"]
[PlyCount "68"]
[EventDate "2012.??.??"]
[WhiteTeam "VfL 1990 Gera"]
[BlackTeam "ESV Gera"]

1. e4 c5 2. Nf3 e6 3. d3 Nc6 4. Nbd2 d6 5. g3 g6 6. Bg2 Bg7 7. O-O Nge7 8. c3
O-O 9. Qc2 Rb8 10. a4 a6 11. Nh4 Kh8 12. f4 f5 13. Nc4 d5 14. Nd2 d4 15. e5 b6
16. Nc4 Bd7 17. Nf3 b5 18. axb5 axb5 19. Nd6 Nc8 20. Nxc8 Bxc8 21. Rd1 Qb6 22.
Qf2 Rd8 23. h4 Bf8 24. h5 Be7 25. hxg6 hxg6 26. Nh4 Kg7 27. g4 Rh8 28. g5 Bb7
29. Bd2 Rh7 30. Kf1 Kf7 31. Ke2 c4 32. cxd4 cxd3+ 33. Kxd3 Nxd4 34. Ba5 Be4+
0-1

[Event "Landesklasse Ost 2012/2013"]
[Site "?"]
[Date "2012.11.25"]
[Round "3"]
[White "Puschendorf, Steffen"]
[Black "Manicke, Hans-Joachim"]
[Result "1-0"]
[WhiteElo "2105"]
[BlackElo "1917"]
[PlyCount "39"]
[EventDate "2012.??.??"]
[WhiteTeam "ESV Gera"]
[BlackTeam "VfL 1990 Gera"]

1. d4 d5 2. c4 e6 3. Nf3 Nf6 4. g3 Be7 5. Bg2 O-O 6. O-O dxc4 7. Na3 c5 8. dxc5
Qc7 9. Nxc4 Bxc5 10. Qb3 Nc6 11. Bf4 Qe7 12. Nce5 Nxe5 13. Bxe5 Nd7 14. Bc3 Bd6
15. Rad1 Re8 16. Rd2 a5 17. a3 Nc5 18. Qc4 Bd7 19. Qd4 Ra6 20. Qxg7# 1-0

[Event "Landesklasse Ost 2012/2013"]
[Site "?"]
[Date "2012.11.25"]
[Round "3"]
[White "Katzer, Michael"]
[Black "Gläßl, Matthias"]
[Result "1/2-1/2"]
[WhiteElo "1876"]
[BlackElo "2071"]
[PlyCount "49"]
[EventDate "2012.??.??"]
[WhiteTeam "VfL 1990 Gera"]
[BlackTeam "ESV Gera"]

1. d4 Nf6 2. Nc3 d5 3. Bg5 Nbd7 4. Qd3 g6 5. f3 h6 6. Bf4 c6 7. e4 Nb6 8. Qd2
Be6 9. O-O-O Bg7 10. Kb1 g5 11. Be5 Qd7 12. h4 g4 13. h5 Rd8 14. Bd3 dxe4 15.
fxe4 Bc4 16. Nge2 Bxd3 17. cxd3 Qc8 18. Qf4 c5 19. Ng3 cxd4 20. Nce2 Qc5 21.
Nf5 Bf8 22. Bxd4 Qb5 23. Nc3 Qb4 24. Bxb6 Qxb6 25. Rhf1 1/2-1/2

[Event "Landesklasse Ost 2012/2013"]
[Site "?"]
[Date "2012.11.25"]
[Round "3"]
[White "Kretzschmar, Bernd"]
[Black "Senf, Paul"]
[Result "1-0"]
[WhiteElo "1862"]
[BlackElo "1586"]
[PlyCount "65"]
[EventDate "2012.??.??"]
[WhiteTeam "VfL 1990 Gera"]
[BlackTeam "ESV Gera"]

1. e4 c6 2. d3 d5 3. Nd2 e5 4. Ngf3 Bg4 5. h3 Bxf3 6. Qxf3 Nf6 7. Be2 Nbd7 8.
Qg3 Qc7 9. a4 a5 10. O-O g6 11. Re1 Bg7 12. c3 O-O 13. Bd1 dxe4 14. Nxe4 Nxe4
15. dxe4 Nc5 16. b4 axb4 17. cxb4 Ne6 18. Be3 Qe7 19. Rb1 Nd4 20. h4 h5 21. Bg5
Qd6 22. Rf1 Rxa4 23. Kh1 Ra6 24. Be3 Ra3 25. Qh2 Rfa8 26. g4 hxg4 27. Bxg4 Rd3
28. h5 gxh5 29. Bxh5 Ra2 30. Rg1 Rxe3 31. Bxf7+ Kxf7 32. Rxg7+ Ke8 33. Qh5+ 1-0

[Event "Landesklasse Ost 2012/2013"]
[Site "?"]
[Date "2012.11.25"]
[Round "3"]
[White "Schönfeld, Volker"]
[Black "Steinmüller, Johannes"]
[Result "1-0"]
[WhiteElo "1878"]
[BlackElo "1761"]
[PlyCount "141"]
[EventDate "2012.??.??"]
[WhiteTeam "VfL 1990 Gera"]
[BlackTeam "ESV Gera"]

1. e4 c5 2. c3 d5 3. exd5 Qxd5 4. d4 cxd4 5. cxd4 Nc6 6. Nf3 e6 7. Bd3 Nf6 8.
O-O Be7 9. Nc3 Qd8 10. a3 O-O 11. h3 a6 12. Be3 b5 13. b4 Bb7 14. Qe2 Rc8 15.
Rac1 Qd7 16. Rfd1 Rfd8 17. Bb1 Qe8 18. Ba2 Nb8 19. Ne5 Nbd7 20. Nd3 Nb6 21. Nc5
Bxc5 22. dxc5 Nbd5 23. Bd4 Nxc3 24. Bxc3 Nd5 25. Be5 Qe7 26. Qg4 Nf6 27. Qh4
Nd5 28. Qg3 Nf6 29. Bb1 h6 30. Qh4 Nd5 31. Qe4 f5 32. Qe2 Qg5 33. f3 Qe3+ 34.
Qxe3 Nxe3 35. Rxd8+ Rxd8 36. c6 Bxc6 37. Rxc6 Rd1+ 38. Kf2 Rxb1 39. Kxe3 Re1+
40. Kd4 Rd1+ 41. Kc5 Rd5+ 42. Kb6 Rxe5 43. Kxa6 Re3 44. Kxb5 Rxa3 45. Rxe6 Ra2
46. g4 f4 47. Kc5 Rf2 48. b5 Rxf3 49. b6 Rb3 50. Re4 f3 51. Rf4 g5 52. Rf5 Kg7
53. Kc6 Rc3+ 54. Kd7 Rb3 55. Kc7 Rc3+ 56. Kb8 Rb3 57. b7 Kg6 58. Kc8 Rc3+ 59.
Kd7 Rb3 60. Kc6 Rc3+ 61. Rc5 Rb3 62. Kc7 f2 63. Rc1 f1=Q 64. Rxf1 Rc3+ 65. Kb6
Rb3+ 66. Ka7 Ra3+ 67. Kb8 Rxh3 68. Rb1 Rf3 69. Rb6+ Kg7 70. Kc7 Rf7+ 71. Kc6
1-0

[Event "Landesklasse Ost 2012/2013"]
[Site "?"]
[Date "2012.11.25"]
[Round "3"]
[White "Kupper, Matthias"]
[Black "Piontek, Michael"]
[Result "1-0"]
[WhiteElo "1772"]
[BlackElo "1833"]
[PlyCount "67"]
[EventDate "2012.??.??"]
[WhiteTeam "ESV Gera"]
[BlackTeam "VfL 1990 Gera"]

1. e4 e6 2. d4 d5 3. Nd2 Nf6 4. e5 Nfd7 5. Ne2 c5 6. c3 Nc6 7. Nf3 Qb6 8. g3
Be7 9. Bg2 O-O 10. O-O a5 11. Re1 a4 12. Nf4 cxd4 13. cxd4 a3 14. b3 Bb4 15.
Re3 Re8 16. Rd3 Nf8 17. h4 Bd7 18. Be3 Rac8 19. Ng5 Ne7 20. Qh5 Neg6 21. Nxg6
hxg6 22. Qg4 Rc2 23. h5 Bb5 24. hxg6 fxg6 25. Rdd1 Rec8 26. Qf4 Qc7 27. Bh3 Qe7
28. Kg2 Bc3 29. Rab1 Be2 30. Rh1 Rxa2 31. Qh4 Bh5 32. g4 Re2 33. gxh5 a2 34.
hxg6 1-0

[Event "Landesklasse Ost 2012/2013"]
[Site "?"]
[Date "2012.11.25"]
[Round "3"]
[White "Liebold, Thomas"]
[Black "Streltsyn, Grygoriy"]
[Result "0-1"]
[WhiteElo "2032"]
[BlackElo "2110"]
[PlyCount "84"]
[EventDate "2012.??.??"]
[WhiteTeam "TSV Zeulenroda"]
[BlackTeam "Erfurter Schachklub"]

1. e4 d6 2. d4 Nf6 3. Nc3 g6 4. f4 Bg7 5. e5 dxe5 6. dxe5 Qxd1+ 7. Kxd1 Ng4 8.
Nd5 Kd8 9. Ke1 Be6 10. Nc3 f6 11. h3 Nh6 12. Nf3 Nc6 13. exf6 exf6 14. Be3 Nf5
15. Rd1+ Kc8 16. Kf2 Re8 17. Bc5 a6 18. g4 Nh6 19. Bg2 Nf7 20. Rhe1 Nfd8 21.
Nd4 Nxd4 22. Rxd4 f5 23. Rxd8+ Kxd8 24. Bxb7 Rb8 25. Rd1+ Bd7 26. Bc6 Bxc3 27.
bxc3 Rb2 28. Rxd7+ Kc8 29. Rd2 Rd8 30. Ke3 Rxd2 31. Kxd2 Rxa2 32. gxf5 gxf5 33.
Bd5 Ra5 34. Be6+ Kd8 35. Bd4 Ke7 36. Bg8 h6 37. h4 Ra1 38. Bg7 Rg1 39. Bxh6
Rxg8 40. Bg5+ Kf7 41. h5 Rh8 42. h6 Kg6 0-1

[Event "Landesklasse Ost 2012/2013"]
[Site "?"]
[Date "2012.11.25"]
[Round "3"]
[White "Duzy, Stefan"]
[Black "Skibbe, Diana"]
[Result "1-0"]
[WhiteElo "1978"]
[BlackElo "1952"]
[PlyCount "61"]
[EventDate "2012.??.??"]
[WhiteTeam "Erfurter Schachklub"]
[BlackTeam "TSV Zeulenroda"]

1. e4 e5 2. Nf3 Nc6 3. Bb5 a6 4. Ba4 Nf6 5. O-O b5 6. Bb3 Bc5 7. c3 Bb6 8. d4
Nxe4 9. dxe5 O-O 10. Bd5 Nc5 11. Be3 Bb7 12. Nbd2 Na4 13. Bxb6 Nxb6 14. Bb3 Na5
15. Bc2 Nac4 16. Ne4 Nd5 17. b3 Na3 18. Nc5 Bc6 19. Be4 Nxc3 20. Bxh7+ Kxh7 21.
Qd3+ Kg8 22. Qxc3 b4 23. Qxb4 Nc2 24. Qf4 Nxa1 25. Ng5 Nc2 26. Qh4 Qxg5 27.
Qxg5 Nb4 28. Re1 d6 29. Ne4 Bxe4 30. Rxe4 Nc6 31. Rh4 1-0

[Event "Landesklasse Ost 2012/2013"]
[Site "?"]
[Date "2012.11.25"]
[Round "3"]
[White "Ahnert, Toni"]
[Black "Troyke, Doreen"]
[Result "1-0"]
[WhiteElo "1937"]
[BlackElo "2025"]
[PlyCount "61"]
[EventDate "2012.??.??"]
[WhiteTeam "TSV Zeulenroda"]
[BlackTeam "Erfurter Schachklub"]

1. Nf3 d5 2. g3 Nf6 3. Bg2 c6 4. d3 Bf5 5. O-O e6 6. Nbd2 Be7 7. Nh4 Bg6 8.
Nxg6 hxg6 9. e4 Nbd7 10. Qe2 Qc7 11. Nf3 Rh5 12. Bg5 Ng4 13. h4 dxe4 14. dxe4
Bc5 15. Bf4 Qb6 16. c3 Be7 17. Rad1 Ngf6 18. Ng5 a5 19. Bf3 Rh8 20. Kg2 a4 21.
Rd2 Qa5 22. Rfd1 Ne5 23. Bxe5 Qxe5 24. Qc4 a3 25. b4 Nh5 26. Rd7 Bxg5 27. hxg5
Qxg5 28. Rxb7 Rc8 29. b5 c5 30. b6 Qe5 31. Qb5+ 1-0

[Event "Landesklasse Ost 2012/2013"]
[Site "?"]
[Date "2012.11.25"]
[Round "3"]
[White "Schneider, Thomas"]
[Black "Barth, Christian"]
[Result "0-1"]
[WhiteElo "1864"]
[BlackElo "1859"]
[PlyCount "144"]
[EventDate "2012.??.??"]
[WhiteTeam "Erfurter Schachklub"]
[BlackTeam "TSV Zeulenroda"]

1. d4 d5 2. Nf3 Bg4 3. Ne5 Bf5 4. c4 f6 5. Nf3 c6 6. Nc3 e6 7. cxd5 cxd5 8. Qb3
Qd7 9. Bf4 Nc6 10. e3 Bb4 11. Be2 Nge7 12. O-O O-O 13. Rac1 Bg6 14. Na4 b6 15.
Bb5 Bd6 16. Bg3 Bxg3 17. hxg3 Qd6 18. Nc3 Na5 19. Qa4 a6 20. Be2 Rfc8 21. Nd2
Be8 22. Qc2 b5 23. Qb1 Rc7 24. Bd3 h6 25. Ne2 Nc4 26. Nb3 Rac8 27. Rc2 e5 28.
dxe5 fxe5 29. Rd1 Qb6 30. Bxc4 bxc4 31. Nd2 Bg6 32. Nf3 Qf6 33. Qc1 Bxc2 34.
Qxc2 Rf8 35. Nc3 Rd7 36. Qa4 Rd6 37. e4 d4 38. Qxc4+ Qe6 39. Qxe6+ Rxe6 40. Ne2
Rc8 41. Nc1 Rc2 42. Nd3 Nc6 43. Kf1 Kf7 44. Ke1 Kf6 45. Nd2 g5 46. Rb1 Na5 47.
Nb4 Rc8 48. Kd1 Nc4 49. Nf3 a5 50. Nd3 g4 51. Nd2 Nxd2 52. Kxd2 Rec6 53. Rh1
Rc2+ 54. Kd1 Kg5 55. f4+ exf4 56. gxf4+ Kg6 57. Rg1 a4 58. a3 h5 59. g3 Rh2 60.
f5+ Kg5 61. Rf1 Rcc2 62. f6 Rhd2+ 63. Ke1 Rxd3 64. Rf5+ Kg6 65. f7 Rc8 66. f8=Q
Rxf8 67. Rxf8 Rxg3 68. Ra8 h4 69. Kf2 Rb3 70. Rxa4 Rxb2+ 71. Kg1 d3 72. Rd4 d2
0-1

[Event "Landesklasse Ost 2012/2013"]
[Site "?"]
[Date "2012.11.25"]
[Round "3"]
[White "Wolfram, Thomas"]
[Black "Fischer, Dieter"]
[Result "1/2-1/2"]
[WhiteElo "1728"]
[BlackElo "1941"]
[PlyCount "36"]
[EventDate "2012.??.??"]
[WhiteTeam "TSV Zeulenroda"]
[BlackTeam "Erfurter Schachklub"]

1. d4 d5 2. e3 Bf5 3. Bd3 Bxd3 4. Qxd3 Nf6 5. Nd2 Nbd7 6. f4 e6 7. Ngf3 Be7 8.
O-O O-O 9. e4 dxe4 10. Nxe4 c6 11. Ng3 c5 12. f5 cxd4 13. fxe6 fxe6 14. Nxd4 e5
15. Qb3+ Kh8 16. Ne6 Nc5 17. Nxc5 Bxc5+ 18. Be3 Qc7 1/2-1/2

[Event "Landesklasse Ost 2012/2013"]
[Site "?"]
[Date "2012.11.25"]
[Round "3"]
[White "Friedt, Edmund"]
[Black "Werner, Daniel"]
[Result "0-1"]
[WhiteElo "1902"]
[BlackElo "1713"]
[PlyCount "82"]
[EventDate "2012.??.??"]
[WhiteTeam "Erfurter Schachklub"]
[BlackTeam "TSV Zeulenroda"]

1. e4 e5 2. Nf3 Nc6 3. Bc4 Bc5 4. d3 Nf6 5. Bg5 h6 6. Bh4 Be7 7. Nbd2 d6 8. h3
Na5 9. Qe2 Nxc4 10. Nxc4 O-O 11. g4 Nh7 12. Bg3 g6 13. Ne3 Be6 14. Kd2 c6 15.
Nh2 Bh4 16. Rhg1 Bxg3 17. Rxg3 Kg7 18. Nf5+ Bxf5 19. gxf5 g5 20. h4 f6 21. Rh1
Rh8 22. Rh3 Qa5+ 23. c3 Qxa2 24. Kc2 Qf7 25. hxg5 Nxg5 26. Rh5 Rh7 27. Ng4 Rah8
28. Qe3 a6 29. Qg3 d5 30. f4 exf4 31. Qxf4 dxe4 32. dxe4 Qc4 33. Qc7+ Qf7 34.
Qf4 Qc4 35. Re1 Re8 36. Qc7+ Qf7 37. Qf4 Qxh5 38. Nxf6 Kxf6 39. e5+ Kf7 40. e6+
Kg8 41. Qe5 Nf3 0-1

[Event "Landesklasse Ost 2012/2013"]
[Site "?"]
[Date "2012.11.25"]
[Round "3"]
[White "Riemer, Marion"]
[Black "Friedt, Marius"]
[Result "0-1"]
[WhiteElo "1743"]
[BlackElo "1796"]
[PlyCount "70"]
[EventDate "2012.??.??"]
[WhiteTeam "TSV Zeulenroda"]
[BlackTeam "Erfurter Schachklub"]

1. e4 c5 2. d4 cxd4 3. c3 dxc3 4. Nxc3 e6 5. Bc4 a6 6. Nf3 b5 7. Bb3 Bb7 8. Qe2
Bc5 9. Be3 Bxe3 10. Qxe3 Ne7 11. O-O O-O 12. Rfd1 Ng6 13. Nd4 Qe7 14. f4 Nc6
15. f5 Nxd4 16. Qxd4 exf5 17. exf5 Qg5 18. Bd5 Bxd5 19. Qxd5 Nf4 20. Qf3 Rae8
21. Rxd7 Re3 22. h4 Rxf3 23. hxg5 Rg3 24. Nd5 Rxg2+ 25. Kh1 Rg4 26. Ne7+ Kh8
27. Ra7 Rxg5 28. Rxa6 h5 29. Rd1 Nh3 30. Rd2 Re8 31. Ra7 Nf4 32. a3 Kh7 33. Rb7
Rg3 34. Rh2 Rd8 35. Rf2 Rd1+ 0-1

[Event "Landesklasse Ost 2012/2013"]
[Site "?"]
[Date "2012.11.25"]
[Round "3"]
[White "Möller, Frank"]
[Black "Prütting, Kerstin"]
[Result "1-0"]
[WhiteElo "1679"]
[BlackElo "1585"]
[PlyCount "69"]
[EventDate "2012.??.??"]
[WhiteTeam "Erfurter Schachklub"]
[BlackTeam "TSV Zeulenroda"]

1. e4 c6 2. d4 d5 3. exd5 cxd5 4. c4 dxc4 5. Nc3 Nf6 6. Nf3 Bg4 7. Bxc4 Nc6 8.
Qb3 e6 9. Ne5 Qxd4 10. Nxc6 bxc6 11. Qb7 Rd8 12. Qxc6+ Nd7 13. O-O Bc5 14. Nb5
Qe5 15. Bd2 O-O 16. Bc3 Qg5 17. Kh1 Bb6 18. Qe4 Bf5 19. Qe2 Nf6 20. Bb4 Rfe8
21. Nd6 Ng4 22. Nxe8 Qh4 23. h3 Nxf2+ 24. Rxf2 Bxf2 25. Rf1 Bxh3 26. Qxf2 Bxg2+
27. Kxg2 Qg4+ 28. Qg3 Qe4+ 29. Kh2 Rxe8 30. Qf4 Qg6 31. Bd3 Qh5+ 32. Kg1 Rd8
33. Bc2 h6 34. Rf2 e5 35. Qf5 1-0